Régions historiques du monde - Statistiques

Statistiques générales
  • Ce quiz a été pris 590 fois
  • Le résultat moyen est 10 sur 20
Statistiques - réponses
Description Région % Correct
Région du Moyen-Orient, située entre le Tigre et l'Euphrate,dans ce qu'on appelle le Croissant fertile. L'écriture y fut inventée. Mésopotamie
86%
Acien royaume gouverné par Alexandre le Grand. Macédoine
85%
Grande région de l'Himalaya, aujourd'hui sous le contrôle de la Chine, qui est connue pour le Dalai Lama. Tibet
82%
Région historique du nord de l'Europe, constituée des monarchies de la Norvège, de la Suède et du Danemark. Son appellation est encore utilisée de nos jours pour désigner ces trois pays. Scandinavie
79%
Région d'Asie qui devint un Empire dont les vestiges principaux se trouvent en Iran. Perse
77%
Région des Balkans, aujourd'hui partagée entre la Croatie, le Monténégro et l'Herzégovine. Une race de chien bien connue de Disney y est originaire. Dalmatie
67%
Région comprenant en partie l'actuelle Syrie, Turquie, Irak, Iran et le Liban. Son nom provient de la ville d'Assur. Assyrie
61%
Région d'Europe de l'Ouest, comprenant la France, le Luxembourg, la Belgique, le nord de l'Italie, une grande partie de la Suisse, et les parties à la rive gauche du Rhin d'Allemagne et des Pays-Bas. La population était majoritairement celtique. Gaule
59%
Région d'Europe centrale composant la République Tchèque avec la Moravie. Bohême
58%
État américain qui existe encore aujoud'hui, mais au XVIIè et XVIIIè siècle, son territoire était bien plus grand et s'étendait jusqu'au Grands Lacs. Louisiane
57%
Région du nord de l'Europe, sur les territoires nords de la Norvège, de la Suède, de la Finlande et de la Russie. La Partie finlandaise est considérée comme "historique". Laponie
56%
Région de France, située à la frontière avec la Belgique, le Luxembourg et l'Allemagne. Son nom désignait encore une région actuelle jusqu'en 2015. Lorraine
56%
Région partagée entre la Pologne et l'Allemagne, ainsi que l'enclave russe de Kaliningrad. Prusse
51%
Région qui est actuellement partagée entre la Grèce, la Turquie et la Bulgarie. Selon la mythologie grecque, le dieu Dyonisos et Orphée venaient de cette région. Thrace
38%
Région d'Europe centrale, partagée entre l'Allemagne, la République Tchèque et le sud-ouest de la Pologne (qui constitue la plus grande partie de la région). Silésie
31%
Région italienne, comprenant l'actuellle Toscane, territoire des Étrusques avant que Rome ne l'aie conquise. Étrurie
20%
Péninsule de l'Adriatique, partagée entre la Croatie, la Slovénie et l'Italie. Istrie
17%
Autre région de Croatie, longtemps appelée "Esclavonie". Slavonie
17%
Région des Balkans partagée entre la Grèce et l'Albanie. Son nom signifie "continent" en grec. Épire
15%
Région partagée entre la Belgique et les Pays-Bas. Elle se centralisait autour des villes de Liège, Maastricht et Aix-la-Chapelle. Son nom désigne encore des Provinces en Belgique et aux Pays-Bas. Limbourg
12%
Aucun quiz correspondant
Distribution des résultats
% des personnes avec chaque résultat
Percentile par nombre de réponses
Votre historique - résultats
Vous n’avez pas pris ce quiz